Szczegóły MARC21

Broker ubezpieczeniowy, ubezpieczający, ubezpieczyciel : stosunki zobowiązaniowe /

003 -Nazwa inst., której nr kontr. jest w polu 001 [,]
    • @
    • Nazwa instytucji, której n kontrolny jest w polu 001
    • NUKAT
005 -DATA I CZAS OSTATNIEJ MODYFIKACJI [,]
    • @
    • pole kontrolne
    • 20241231085935.0
020 -Międzynarod. znormalizowany nr książki - ISBN [ , ]
    • a
    • Numer ISBN
    • 8360186022 Find
040 -Instytucja sporządzająca opis [ , ]
    • a
    • Instytucja, która sporządziła opis (NP)
    • WR U/PAd
    • c
    • Instytucja, która sporządziła rekord (NP)
    • WR U/ap
    • d
    • Instytucja, która zmodyfikowała rekord (P)
    • WR U/jm
    • d
    • Instytucja, która zmodyfikowała rekord (P)
    • WA U/91IOs
    • d
    • Instytucja, która zmodyfikowała rekord (P)
    • SZCZ M/JG
942 -Rodzaj dokumentu [ , ]
    • c
    • Rodzaj dokumentu
    • Książka
100 -Hasło główne - nazwa osobowa [1, ]
    • a
    • Nazwa osobowa (NP)
    • Pokrzywniak, Jakub.
    • 9
    • KHW
    • 13198
245 -Strefa tytułu i oznaczenia odpowiedzialności [1,0]
    • a
    • Tytuł
    • Broker ubezpieczeniowy, ubezpieczający, ubezpieczyciel : Find
    • b
    • Ciąg dalszy tytułu (NP)
    • stosunki zobowiązaniowe / Find
    • c
    • Pozostałe elementy strefy tytułu i oznaczenia odpowiedzialności (NP)
    • Jakub Pokrzywniak.
260 -Strefa adresu wydawniczego [ , ]
    • a
    • Miejsce wydania (P)
    • Bydgoszcz ;
    • a
    • Miejsce wydania (P)
    • Poznań :
    • b
    • Nazwa wydawcy (P)
    • "Branta",
    • c
    • Data wydania (P)
    • 2005.
300 -Strefa opisu fizycznego [ , ]
    • a
    • Określenie formy książki i/lub objętość (NP)
    • 217, [2] s. ;
    • c
    • Format (NP)
    • 21 cm.
336 -Typ zawartości [ , ]
    • a
    • Termin opisujący typ zawartości
    • Tekst
    • b
    • Kod określający zawartość
    • txt
    • 2
    • Źródło (terminu i kodu)
    • rdacontent
337 -Typ mediów [ , ]
    • a
    • Tryb odtwarzania
    • Bez urządzenia pośredniczącego
    • b
    • Kod typu mediów
    • n
    • 2
    • Źródło (terminu i kodu)
    • rdamedia
338 -Typ/rodzaj nośnika [ , ]
    • a
    • Hasło opisujące typ nośnika
    • Wolumin
    • b
    • Kod typu nośnika
    • nc
    • 2
    • Źródło (terminu i kodu)
    • rdacarrier
500 -Uwaga ogólna [ , ]
    • a
    • Uwaga ogólna (NP)
    • Stanowi poprawioną wersję pracy doktorskiej pt.: "Stosunki zobowiązaniowe łączące brokera ubezpieczeniowego z ubezpieczającym oraz z zakładem ubezpieczeń w ich wzajemnym powiązaniu" (Uniw. im. Adama Mickiewicz, Poznań, 2004).
500 -Uwaga ogólna [ , ]
    • a
    • Uwaga ogólna (NP)
    • Opracowanie uwzględnia stan prawny na dzień 1 maja 2005 r.
500 -Uwaga ogólna [ , ]
    • a
    • Uwaga ogólna (NP)
    • U dołu s. tyt. miejsce wyd.: Bydgoszcz - Poznań.
504 -Uwaga dot. bibliogr. załącznikowej [ , ]
    • a
    • Uwaga dot. bibliografii załącznikowej
    • Bibliogr. s. [205]-217.
080 -Uniwersalna Klasyfikacja Dziesiętna [ , ]
    • 2
    • Identyfikator wydania tablic
    • UDC-P058
    • a
    • Symbol klasyfikacji
    • 347.764
    • b
    • Dopowiedzenie
    • Ubezpieczenia. Prawo ubezpieczeniowe (Prawo ubezpieczeń dobrowolnych).
    • x
    • Poddział wspólny
    • (438)
    • b
    • Dopowiedzenie
    • (Polska).
650 -Hasło przedmiotowe [ ,7]
    • a
    • Hasło przedmiotowe
    • Brokerzy ubezpieczeniowi
    • x
    • Określnik rzeczowy
    • status prawny
    • z
    • Określnik geograficzny
    • Polska.
    • 2
    • Źródło terminu
    • kaba
    • 9
    • KHW
    • 375833
980 -Symbol UKD [ , ]
    • a
    • UKD
    • 347.764(438)
710 -Hasło dodatkowe - nazwa ciała zbiorowego [2, ]
    • a
    • Nazwa ciała zbiorowego lub nazwa geograficzna jako pierwszy element (NP)
    • Oficyna Wydawnicza Branta.
    • 4
    • Kod relacji
    • pbl
    • 9
    • KHW
    • 76902
920 -ISBN [ , ]
    • a
    • ISBN
    • 83-60186-02-2 Find
Sygnatura Numer inwentarzowy Status udost. Lokalizacja Data inwentaryzacji
 E.71730-2BE2009-01-23
 S.93348-2BE2009-01-23
 S.93378-2BE2009-04-01
 S.94266-2BE2012-10-10
36GW.5715-2GW2016-02-16